000 01039aam a2200289 4500
005 20250929085607.0
008 150303b2000 xxu||||| |||| 00| 0 spa d
020 _a8432953504
041 _aESP
082 _a613.62 B582c
100 _aBiblioteca Técnica Prevención de Riesgos Laborales
_948945
245 _aBiblioteca Técnica: prevención de Riesgos Laborales
260 _aEspaña
260 _bCEAC
260 _c2000
300 _aTomo I: 413 páginas
_aTomo II: 277 páginas
_aTomo III: 295 páginas
_aTomo IV: 314 páginas
490 _aDirección de Educación Comunitaria y Asistencia Técnica
490 _aTemática General
505 _aTomo I: Gestión de la prevención.
505 _aTomo II: Evaluación y prevención de riesgos. .
505 _aTomo III: Técnicas afines a la prevención. .
505 _aTomo IV: Cuestionario de evaluación de riesgos .
650 _aSALUD OCUPACIONAL
650 _aRIESGOS LABORALES
650 _aMEDIDAS DE PROTECCIÓN
942 _cBK
_2ddc
999 _c10970
_d10970